000 01112nam a2200277Ia 4500
003 OSt
005 20221005103754.0
006 a|||||r|||| 00| 0
007 ta
008 221004b |||||||| |||| 00| 0 hin d
020 _a9788193958025 (hbk)
_cINR 900.00
024 _a66094
037 _b246, 13/12/2019, Eastern Book Linkers
_cTextual
040 _aCRL
_cCRL
_bhin
041 _2hin
_ahin
082 _aO152,1(Q224):g, Q9
100 _aसिंह, भगवती प्रसाद, ले.
245 0 _aरामभक्ति में रसिक सम्प्रदाय
246 _aRāmabhakti mean rasik sampradāya
260 _aदिल्ली
_bआर्यावर्त संस्कृति संस्थान भारत
_c2019
300 _a566पृ0
_ccm.
650 _a हिन्दी साहित्य
650 _aहिन्दी कविता
942 _hO152,1(Q224):g, Q9
_cTEXL
_2cc
999 _c1010865
_d1010865